Federal rulemaking and regulations (Record no. 62451)
[ view plain ]
| 000 -LEADER | |
|---|---|
| fixed length control field | 02209nam a2200397 a 4500 |
| 082 04 - DEWEY DECIMAL CLASSIFICATION NUMBER | |
| Classification number | 342.73/066 |
| 100 1# - MAIN ENTRY--AUTHOR NAME | |
| Personal name | Copeland, Curtis W. |
| 245 10 - TITLE STATEMENT | |
| Title | Federal rulemaking and regulations |
| 260 ## - PUBLICATION, DISTRIBUTION, ETC. (IMPRINT) | |
| Place of publication | New York : |
| Name of publisher | Nova Science Publishers, |
| Year of publication | c2010. |
| 300 ## - PHYSICAL DESCRIPTION | |
| Number of Pages | xviii, 231 p. : |
| Other physical details | ill. |
| 490 1# - SERIES STATEMENT | |
| Series statement | Congressional policies, practices and procedures series |
| 505 0# - FORMATTED CONTENTS NOTE | |
| Formatted contents note | Changes to the OMB regulatory review process by Executive Order 13422 / Curtis W. Copeland -- Congressional influence on rulemaking and regulation through appropriations restrictions / Curtis W. Copeland -- Congressional Review Act : disapproval of rules in a subsequent session of Congress / Curtis W. Copeland and Richard S. Beth -- The federal rulemaking process : an overview / Curtis W. Copeland -- Federal rulemaking : the role of the Office of Information and Regulatory Affairs / Curtis W. Copeland -- Negotiated rulemaking / Curtis W. Copeland -- The Regulatory Flexibility Act : implementation issues and proposed reforms / Curtis W. Copeland. |
| 650 #0 - SUBJECT ADDED ENTRY--TOPICAL TERM | |
| Topical Term | Administrative agencies |
| Topical Term | Administrative procedure |
| Topical Term | Court rules |
| 700 1# - ADDED ENTRY--PERSONAL NAME | |
| Personal name | Lee, Paul. |
| 856 40 - ELECTRONIC LOCATION AND ACCESS | |
| Uniform Resource Identifier | http://site.ebrary.com/lib/rucke/Doc?id=10671403 |
No items available.
